Honduras Country Quiz - Statistics

General Stats
  • This quiz has been taken 23,656 times
    23,627 since last reset
  • The average score is 12 of 20
Answer Stats
Question Answer % Correct
Official language Spanish
97%
Bordering country El Salvador
94%
Bordering country Guatemala
94%
Bordering country Nicaragua
94%
Sea on which Honduras lies Caribbean Sea
93%
Capital of Honduras Tegucigalpa
81%
Term for an unstable, corrupt country exploited by fruit companies (originally coined to describe Honduras) {Banana} Republic
78%
First European to reach Honduras Christopher Columbus
78%
Civilization that built the city of Copán, whose ruins are a UNESCO World Heritage site Mayans
77%
Unfortunate former nickname for the above {Murder} Capital of the World
69%
What supposedly falls from the sky over the town of Yoro annually during the "Lluvia de Peces" Fish
53%
The three types of monkeys that can be found in Honduras (name any one) Spider | Howler | Capuchin
45%
Short war fought in 1969 against bordering country #1 {Football} War
44%
Ocean gulfs that Honduras borders Gulf of {Honduras}
41%
Part of Honduras lies along this unpleasant-sounding historical "coast" {Mosquito} Coast
34%
Second-most populous city San Pedro Sula
32%
National bird (hint: a color) {Scarlet} Macaw
30%
Meaning of the word "Honduras" in that language Depths
24%
Currency of Honduras, named after a Mesoamerican warrior Lempira
23%
Ocean gulfs that Honduras borders Gulf of {Fonseca}
19%
No matching quizzes found
Score Distribution
Percent of People with Each Score
Percentile by Number Answered
Your Score History
You have not taken this quiz since the last reset